000 00289nam a22001217a 4500
082 _a621.388 MID'O
100 _aMIDDLETON, ROBERT G
_956538
245 _a101 WAYS TO USE YOUR SWEEP GENERATOR
250 _a1ST
260 _aNEWYORK
_bHOWARD W. SAMS
_c1958
300 _a138P
942 _cBK
999 _c569085
_d569085